| 000 | 00352nam a2200145 a 4500 | ||
|---|---|---|---|
| 008 | 981014s1956||||xx 0 und c | ||
| 040 |
_aSNK _bslo _cSNK _eAACR2 |
||
| 100 | 1 | _aKalesný, František | |
| 245 | 1 | 0 | _aĽudové umenie na Slovensku |
| 260 |
_aMartin _bOsveta _c1956 |
||
| 300 | _a274 s. | ||
| 020 | _c75,80 | ||
| 041 | _aslo | ||
| 044 |
_axo _cSK |
||
| 999 |
_c15061 _d15061 |
||